[Event "World Rapid Women 2017"]
[Site "Riyadh KSA"]
[Date "2017.12.26"]
[Round "2.3"]
[White "Zimina, Olga"]
[Black "Ju, Wenjun"]
[Result "0-1"]
[WhiteTitle "IM"]
[BlackTitle "GM"]
[WhiteElo "2415"]
[BlackElo "2567"]
[WhiteFideId "4132190"]
[BlackFideId "8603006"]
[EventDate "2017.12.26"]

1. Nf3 d5 2. c4 e6 3. g3 Nf6 4. Bg2 d4 5. O-O c5 6. d3 Nc6 7. e3 Bd6 8. exd4
cxd4 9. Na3 O-O 10. Nc2 e5 11. b4 Re8 12. c5 Bf8 13. Bg5 h6 14. Bxf6 Qxf6 15.
Nd2 Be6 16. Re1 Rad8 17. Qe2 Bd5 18. Bxd5 Rxd5 19. Rab1 Rdd8 20. Na3 b6 21. cxb6
axb6 22. b5 Bxa3 23. bxc6 Qxc6 24. Nc4 Bc5 25. Qc2 Qf6 26. Re4 Re6 27. Qe2 Rde8
28. Re1 Qf5 29. Qb2 f6 30. Qb3 Kh7 31. Qb5 Qf3 32. Nd2 Qh5 33. Nb3 f5 34. R4e2
f4 35. Kh1 fxg3 36. fxg3 e4 37. Nxd4 Re5 38. Qd7 Rd5 39. g4 Rxd7 40. gxh5 Rxd4
41. dxe4 Bb4 0-1

[Event "World Rapid Women 2017"]
[Site "Riyadh KSA"]
[Date "2017.12.26"]
[Round "2.4"]
[White "Dzagnidze, Nana"]
[Black "Khukhashvili, Sopiko"]
[Result "1-0"]
[WhiteTitle "GM"]
[BlackTitle "IM"]
[WhiteElo "2522"]
[BlackElo "2312"]
[WhiteFideId "13601903"]
[BlackFideId "13602055"]
[EventDate "2017.12.26"]

1. d4 Nf6 2. c4 e6 3. Nf3 Bb4+ 4. Nbd2 O-O 5. a3 Be7 6. e4 d5 7. e5 Ne4 8. Qc2
Nxd2 9. Bxd2 a5 10. Bd3 h6 11. Rc1 dxc4 12. Qxc4 c6 13. Bb1 Bg5 14. Bxg5 hxg5
15. Qd3 g6 16. h4 gxh4 17. Rxh4 Kg7 18. Qe3 Rh8 19. Rxh8 Qxh8 20. Qf4 Nd7 21.
Ng5 Qg8 22. Kd2 f6 23. exf6+ Nxf6 24. Rh1 Qd8 25. Qe5 c5 26. Rh7+ Kg8 27. Rh8+
Kxh8 28. Nf7+ Kg7 29. Nxd8 Bd7 30. Qg5 Be8 31. Nxe6+ Kf7 32. Bxg6+ Kxe6 33. Qe5+
Kd7 34. Qxf6 1-0

[Event "World Rapid Women 2017"]
[Site "Riyadh KSA"]
[Date "2017.12.26"]
[Round "2.5"]
[White "Karavade, Eesha"]
[Black "Tan, Zhongyi"]
[Result "0-1"]
[WhiteTitle "IM"]
[BlackTitle "GM"]
[WhiteElo "2384"]
[BlackElo "2517"]
[WhiteFideId "5012600"]
[BlackFideId "8603642"]
[EventDate "2017.12.26"]

1. Nf3 Nf6 2. c4 e6 3. g3 d5 4. b3 d4 5. Bg2 c5 6. O-O Nc6 7. e3 Bd6 8. exd4
cxd4 9. d3 O-O 10. Ba3 Re8 11. Re1 e5 12. Bxd6 Qxd6 13. Nh4 Bg4 14. Qd2 h6 15.
h3 Be6 16. a3 a5 17. Qd1 Nd7 18. Nd2 Nc5 19. Ne4 Nxe4 20. Rxe4 Rab8 21. Re1 b5
22. c5 Qc7 23. Rc1 b4 24. a4 Ne7 25. Kh2 Rbd8 26. Nf3 f6 27. Nd2 Nd5 28. Bxd5
Rxd5 29. c6 Rd6 30. Qh5 Bf7 31. Qf3 Rc8 32. Qe4 Rxc6 33. Rxc6 Qxc6 34. Qxc6 Rxc6
35. Nc4 Rc5 36. f4 Bxc4 37. dxc4 Kf7 38. Kg2 Ke6 39. g4 f5 40. gxf5+ Kxf5 41.
fxe5 Rxe5 42. Rd1 Re4 43. c5 Ke6 44. c6 Re2+ 45. Kf1 Rc2 46. Rxd4 Rxc6 47. Re4+
Kd5 48. Rf4 Rf6 0-1

[Event "World Rapid Women 2017"]
[Site "Riyadh KSA"]
[Date "2017.12.26"]
[Round "2.6"]
[White "Zhukova, Natalia"]
[Black "Danielian, Elina"]
[Result "1/2-1/2"]
[WhiteTitle "GM"]
[BlackTitle "GM"]
[WhiteElo "2444"]
[BlackElo "2413"]
[WhiteFideId "14101513"]
[BlackFideId "13300210"]
[EventDate "2017.12.26"]

1. c4 e6 2. Nc3 d5 3. d4 Nf6 4. cxd5 Nxd5 5. e4 Nxc3 6. bxc3 c5 7. Nf3 cxd4 8.
cxd4 Bb4+ 9. Bd2 Bxd2+ 10. Qxd2 O-O 11. Bc4 Nd7 12. O-O b6 13. d5 Nc5 14. Qf4
Bb7 15. Rad1 Qf6 16. Qxf6 gxf6 17. dxe6 fxe6 18. Nd4 Rfe8 19. f3 Kf8 20. Nb5 Ba6
21. Nd6 Bxc4 22. Nxc4 Red8 23. Kf2 Ke7 24. Ke3 Rac8 25. e5 Na4 26. exf6+ Kxf6
27. Rxd8 Rxd8 28. Nd2 Rc8 29. Ne4+ Ke7 30. Rf2 Nc3 31. Nxc3 Rxc3+ 32. Kd4 Ra3
33. Kc4 Kf6 34. Rd2 h5 35. Kb4 Ra5 36. a4 Rc5 37. Kb3 a5 38. Re2 1/2-1/2

[Event "World Rapid Women 2017"]
[Site "Riyadh KSA"]
[Date "2017.12.26"]
[Round "2.7"]
[White "Paehtz, Elisabeth"]
[Black "Hoang, Thanh Trang"]
[Result "1/2-1/2"]
[WhiteTitle "IM"]
[BlackTitle "GM"]
[WhiteElo "2464"]
[BlackElo "2439"]
[WhiteFideId "4641833"]
[BlackFideId "12400149"]
[EventDate "2017.12.26"]

1. d4 f5 2. e3 Nf6 3. b3 g6 4. Bb2 Bg7 5. Be2 d6 6. h4 h6 7. Nh3 Be6 8. Nf4 Bf7
9. g4 fxg4 10. Bxg4 Nxg4 11. Qxg4 Bf6 12. Nxg6 Rg8 13. h5 Qd7 14. Qf3 Qc6 15.
Qxc6+ Nxc6 16. Nc3 Bxg6 17. hxg6 Rxg6 18. Nd5 Kd7 19. Nxf6+ exf6 20. Ke2 Rh8 21.
Rh5 Rg5 22. Rah1 Rxh5 23. Rxh5 Ke7 24. e4 Kf7 25. c3 Kg6 26. Rh3 h5 27. f4 Ne7
28. f5+ Kf7 29. c4 c6 30. Ba3 d5 31. Bxe7 Kxe7 32. cxd5 cxd5 33. e5 h4 34. Ke3
Rh5 35. Kf4 a5 36. Kg4 Rg5+ 37. Kxh4 Rxf5 38. Kg4 Rf2 39. Rh7+ Ke6 40. exf6 Kxf6
41. Rxb7 Rxa2 42. Rb6+ Ke7 43. Kf5 Re2 44. Rb5 Re3 45. Rxd5 Rxb3 46. Rxa5 Kd6
47. Ke4 Rb1 48. Ra6+ Kd7 49. Ke5 Rh1 50. Ra7+ Kd8 51. Rf7 Rh6 52. Kd5 Rg6 53.
Rh7 Rf6 54. Ke5 Rg6 55. d5 Ra6 56. Rf7 Rh6 57. Kd4 Rg6 58. Kc5 Rh6 59. Rb7 Rg6
60. Rb4 Rh6 61. Rc4 Kd7 62. Rg4 Rf6 63. Rg7+ Kd8 64. Ra7 Rh6 65. Rb7 Rg6 66. Rb4
Kd7 67. Ra4 Rh6 68. Ra7+ Kd8 69. Rb7 Rg6 70. Rb6 Rxb6 71. Kxb6 Kd7 72. d6 1/2-1/2

[Event "World Rapid Women 2017"]
[Site "Riyadh KSA"]
[Date "2017.12.26"]
[Round "2.8"]
[White "Gara, Anita"]
[Black "Harika, Dronavalli"]
[Result "0-1"]
[WhiteTitle "IM"]
[BlackTitle "GM"]
[WhiteElo "2367"]
[BlackElo "2504"]
[WhiteFideId "709751"]
[BlackFideId "5015197"]
[EventDate "2017.12.26"]

1. e4 c5 2. c3 Nf6 3. e5 Nd5 4. Nf3 e6 5. Bc4 Nb6 6. Bb3 c4 7. Bc2 d6 8. exd6
Nc6 9. O-O Bxd6 10. d3 Qc7 11. Re1 h6 12. a4 cxd3 13. Qxd3 Be7 14. Na3 a6 15.
Nc4 Nxc4 16. Qxc4 Bd7 17. Bf4 Bd6 18. Bxd6 Qxd6 19. Rad1 Qe7 20. b4 Rc8 21. Qe4
g6 22. Qe3 Kf8 23. b5 axb5 24. axb5 Nb8 25. Ne5 Be8 26. Rd4 Kg7 27. Rf4 Nd7 28.
Nxd7 Bxd7 29. h4 Rc5 30. c4 Rhc8 31. Bd3 e5 32. Re4 Bf5 33. Rd4 Qf6 34. Re4 Bxe4
35. Qxe4 Rd8 36. Re3 Rd4 37. Qxb7 e4 38. Be2 Rf5 39. Rxe4 Rxf2 40. Bf3 Rc2 41.
Qc6 Rc1+ 42. Kh2 Rd6 43. Qc5 Re6 44. Qd4 Rxe4 45. Qxe4 Qd6+ 46. g3 Qc5 47. Qd5
Rc2+ 48. Bg2 Qxd5 49. cxd5 Rb2 50. g4 Kf6 51. Kg3 Rxb5 52. Kf4 Rb4+ 53. Be4 g5+
54. hxg5+ hxg5+ 55. Ke3 Ke5 56. Bf3 Rb3+ 57. Kf2 Rxf3+ 58. Kxf3 Kxd5 59. Kg3 Ke4
60. Kg2 Kf4 61. Kh3 Kf3 62. Kh2 Kxg4 0-1

[Event "World Rapid Women 2017"]
[Site "Riyadh KSA"]
[Date "2017.12.26"]
[Round "2.9"]
[White "Lei, Tingjie"]
[Black "Zawadzka, Jolanta"]
[Result "1-0"]
[WhiteTitle "GM"]
[BlackTitle "WGM"]
[WhiteElo "2528"]
[BlackElo "2424"]
[WhiteFideId "8605114"]
[BlackFideId "1122320"]
[EventDate "2017.12.26"]

1. e4 e5 2. Nf3 Nc6 3. Bb5 a6 4. Ba4 Nf6 5. O-O b5 6. Bb3 Bb7 7. Re1 Be7 8. c3
d6 9. d4 O-O 10. Nbd2 h6 11. Nf1 Re8 12. Ng3 Bf8 13. d5 Ne7 14. Nh4 g6 15. a4
Qd7 16. Qf3 Nh7 17. Be3 Bg7 18. Qe2 Rf8 19. Qd2 h5 20. h3 Bf6 21. Nf3 Bg7 22.
Bc2 c6 23. dxc6 Bxc6 24. axb5 axb5 25. Rad1 Rfd8 26. Bb3 Qb7 27. Ng5 Nxg5 28.
Bxg5 Kf8 29. Qe2 Be8 30. Qf3 Ra6 31. Rd3 b4 32. Bd5 Nxd5 33. Bxd8 Nf4 34. Rd2
bxc3 35. Qxc3 Rc6 36. Qa3 Qd7 37. Ba5 Ne6 38. Ne2 Bh6 39. Rd5 Kg7 40. Bb4 Nc7
41. Rdd1 Ra6 42. Qd3 Qe6 43. Nc3 Rb6 44. Bxd6 Nb5 45. Bc5 Rb7 46. Nd5 Bc6 47. b4
Rd7 48. Qf3 Bg5 49. Nc3 Nd4 50. Bxd4 exd4 51. Nd5 Qe5 52. Qd3 Bxd5 1-0

[Event "World Rapid Women 2017"]
[Site "Riyadh KSA"]
[Date "2017.12.26"]
[Round "2.13"]
[White "Abdumalik, Zhansaya"]
[Black "Gvetadze, Sofio"]
[Result "0-1"]
[WhiteTitle "IM"]
[BlackTitle "IM"]
[WhiteElo "2449"]
[BlackElo "2289"]
[WhiteFideId "13703544"]
[BlackFideId "13601440"]
[EventDate "2017.12.26"]

1. e4 c5 2. Nf3 Nc6 3. d4 cxd4 4. Nxd4 g6 5. c4 Bg7 6. Be3 Nf6 7. Nc3 d6 8. Be2
O-O 9. O-O Bd7 10. Qd2 Nxd4 11. Bxd4 Bc6 12. f3 Nd7 13. Be3 a5 14. b3 Nc5 15.
Rab1 Be5 16. Rfd1 e6 17. Qe1 Qf6 18. Rbc1 Rfd8 19. Bf1 b6 20. Ne2 Qe7 21. Qf2
Bb7 22. Nc3 Rac8 23. Nb5 Bc6 24. Nc3 Rd7 25. Rc2 Rcd8 26. Ne2 Bb7 27. Rb1 Nd3
28. Bg5 Qxg5 29. Qxb6 Nc5 30. Rd1 Ra8 31. Qb5 Rc7 32. Kh1 Qe7 33. b4 Bc6 34. Qb6
axb4 35. Rcd2 Ba4 36. f4 Rb7 37. Qxb7 Qxb7 38. fxe5 dxe5 0-1

[Event "World Rapid Women 2017"]
[Site "Riyadh KSA"]
[Date "2017.12.26"]
[Round "2.14"]
[White "Kovanova, Baira"]
[Black "Khotenashvili, Bela"]
[Result "0-1"]
[WhiteTitle "WGM"]
[BlackTitle "GM"]
[WhiteElo "2367"]
[BlackElo "2476"]
[WhiteFideId "4164083"]
[BlackFideId "13602640"]
[EventDate "2017.12.26"]

1. e4 c6 2. d4 d5 3. Nc3 g6 4. e5 Bg7 5. f4 h5 6. Nf3 Bg4 7. Be2 e6 8. Be3 Ne7
9. Qd2 Bxf3 10. Bxf3 Nf5 11. Bf2 Nd7 12. Be2 f6 13. Bd3 fxe5 14. Bxf5 gxf5 15.
dxe5 Bf8 16. Ne2 Nc5 17. Bxc5 Bxc5 18. Nd4 Bxd4 19. Qxd4 Qb6 20. Qc3 O-O-O 21.
O-O-O Rdg8 22. Qf3 Rg4 23. g3 h4 24. a3 Rhg8 25. Rhg1 Qc5 26. Kb1 Kb8 27. Rg2
Qc4 28. Rdg1 Qe4 29. Qxe4 dxe4 30. Kc1 Rd8 31. Rd2 Rxd2 32. Kxd2 hxg3 33. hxg3
Kc7 34. Ke3 a5 35. Kf2 Kb6 36. Rd1 Kc5 37. Rd6 Rg6 38. Rd7 b5 39. Rf7 e3+ 40.
Kxe3 Rxg3+ 41. Kf2 Rh3 42. Kg2 Re3 43. Kf2 Rh3 44. Kg2 Rh4 45. Kg3 Rh1 46. Rd7
Rg1+ 47. Kf3 a4 48. b4+ axb3 49. cxb3 Rb1 50. b4+ Kc4 51. Rd6 Rb3+ 52. Kf2 Rxa3
53. Rxc6+ Kd5 54. Rb6 Rb3 55. Rxb5+ Ke4 56. Rb6 Kxf4 57. Rxe6 Rb2+ 58. Ke1 Ke3
59. Kd1 f4 60. Rf6 f3 61. e6 Rb1+ 62. Kc2 Rxb4 63. e7 Re4 64. Rf7 Ke2 65. Kc3 f2 0-1

[Event "World Rapid Women 2017"]
[Site "Riyadh KSA"]
[Date "2017.12.26"]
[Round "2.15"]
[White "Nakhbayeva, Guliskhan"]
[Black "Padmini, Rout"]
[Result "0-1"]
[WhiteTitle "WGM"]
[BlackTitle "IM"]
[WhiteElo "2314"]
[BlackElo "2324"]
[WhiteFideId "13704788"]
[BlackFideId "5029295"]
[EventDate "2017.12.26"]

1. d4 Nf6 2. c4 e6 3. Nc3 d5 4. cxd5 exd5 5. Bg5 c6 6. e3 h6 7. Bh4 Bf5 8. Qf3
Bh7 9. Bxf6 Qxf6 10. Qxf6 gxf6 11. Nf3 Nd7 12. g3 Nb6 13. a3 a5 14. Bh3 Nc4 15.
O-O-O b5 16. Nd2 b4 17. Na4 bxa3 18. Nxc4 a2 19. Kd2 Bb4+ 20. Ke2 dxc4 21. Nb6
Rd8 22. Nxc4 c5 23. d5 Bb1 24. Rxb1 axb1=Q 25. Rxb1 Rxd5 26. Bg2 Rd8 27. Rd1
Rxd1 28. Kxd1 Ke7 29. Kc2 h5 30. h3 Be1 31. Nb6 Bxf2 32. Nd5+ Ke6 33. Nf4+ Kd6
34. Nd5 f5 35. Bf3 Bxg3 36. Nb6 Be1 37. Nc4+ Ke6 38. Kd1 Bb4 39. Ke2 h4 40. e4
fxe4 41. Bxe4 f5 42. Bb1 Kf6 43. Ne3 Rd8 44. Kf3 Rd2 45. Bxf5 Rxb2 46. Bd7 Kg5
47. Ke4 Ra2 48. Be6 Ra1 49. Nc2 Rc1 50. Kd3 a4 51. Ba2 Rd1+ 52. Kc4 Rd2 53. Bb1
Kf4 54. Kb5 a3 0-1

[Event "World Rapid Women 2017"]
[Site "Riyadh KSA"]
[Date "2017.12.26"]
[Round "2.16"]
[White "Hoolt, Sarah"]
[Black "Mammadzada, Gunay"]
[Result "0-1"]
[WhiteTitle "WGM"]
[BlackTitle "WGM"]
[WhiteElo "2405"]
[BlackElo "2333"]
[WhiteFideId "24606812"]
[BlackFideId "13403729"]
[EventDate "2017.12.26"]

1. e4 c5 2. Nf3 d6 3. Bb5+ Nd7 4. d4 Nf6 5. Nc3 cxd4 6. Qxd4 e5 7. Qd3 h6 8. O-O
Be7 9. Rd1 O-O 10. Qe2 Qc7 11. a4 a6 12. Bc4 Nb6 13. Bb3 Be6 14. a5 Nc4 15. Nd5
Bxd5 16. exd5 Nxa5 17. Ba2 Rfc8 18. c3 Bf8 19. Nh4 g6 20. Rd3 Bg7 21. Rh3 Nc4
22. b3 Nb6 23. c4 Nbd7 24. Nf3 e4 25. Nd4 Nxd5 26. Qd2 N5f6 27. Ba3 Nc5 28. Re1
h5 29. Bb1 Re8 30. Ne2 Rad8 31. Nf4 Ne6 32. Bb2 Nxf4 33. Qxf4 Qe7 34. Rhe3 d5
35. f3 d4 36. Rxe4 Nxe4 37. Bxe4 Qd6 38. Qd2 b5 39. cxb5 axb5 40. Rc1 Rc8 41.
Rd1 f5 42. Bd3 Qd5 43. b4 Kh7 44. Qf2 Qb3 45. Rd2 Qxb4 46. g4 Bh6 47. gxf5 Be3
48. fxg6+ Kh6 49. Qxe3+ Rxe3 0-1

[Event "World Rapid Women 2017"]
[Site "Riyadh KSA"]
[Date "2017.12.26"]
[Round "2.17"]
[White "Savina, Anastasia"]
[Black "Shuvalova, Polina"]
[Result "0-1"]
[WhiteTitle "IM"]
[BlackTitle "WIM"]
[WhiteElo "2350"]
[BlackElo "2385"]
[WhiteFideId "4196872"]
[BlackFideId "24171760"]
[EventDate "2017.12.26"]

1. d4 Nf6 2. c4 e6 3. Nc3 Bb4 4. e3 O-O 5. Bd3 d5 6. Ne2 c5 7. cxd5 cxd4 8. exd4
Nxd5 9. O-O Nf6 10. Bg5 h6 11. Bh4 Nc6 12. Rc1 Be7 13. Bb1 Bd7 14. a3 Nh5 15.
Bxe7 Nxe7 16. d5 exd5 17. Nxd5 g6 18. Nxe7+ Qxe7 19. Re1 Rfe8 20. Qd2 Rad8 21.
Ng3 Qg5 22. Qxg5 hxg5 23. Ne4 g4 24. Ba2 Bc6 25. Ng5 Rxe1+ 26. Rxe1 Bd5 27. Rd1
Nf6 28. h3 gxh3 29. Nxh3 Rd7 30. Bxd5 Rxd5 31. Rxd5 Nxd5 32. Kf1 Kg7 33. Ke2 Kf6
34. Kd3 Ke5 35. g3 f6 36. f3 g5 37. Nf2 f5 38. g4 Nf4+ 39. Kc4 Ne2 40. Nd3+ Kf6
41. Nc5 Ng1 42. Nd7+ Ke7 43. Ne5 Ke6 44. Kd4 Ne2+ 45. Ke3 Kxe5 46. Kxe2 fxg4 47.
fxg4 Kf4 0-1

[Event "World Rapid Women 2017"]
[Site "Riyadh KSA"]
[Date "2017.12.26"]
[Round "2.18"]
[White "Doluhanova, Evgeniya"]
[Black "Pham, Le Thao Nguyen"]
[Result "0-1"]
[WhiteTitle "WGM"]
[BlackTitle "IM"]
[WhiteElo "2352"]
[BlackElo "2354"]
[WhiteFideId "14112035"]
[BlackFideId "12401226"]
[EventDate "2017.12.26"]

1. e4 Nf6 2. e5 Nd5 3. d4 d6 4. Nf3 g6 5. c4 Nb6 6. Nc3 Bg7 7. Be3 O-O 8. a4 a5
9. c5 N6d7 10. cxd6 cxd6 11. exd6 exd6 12. Be2 Nf6 13. O-O Nc6 14. h3 Nb4 15.
Rc1 Be6 16. Ng5 Bf5 17. g4 Bd7 18. Bf3 d5 19. Bg2 Bc6 20. Nf3 Nd7 21. Qd2 Re8
22. Bh6 Bh8 23. Rfe1 Qb6 24. Rxe8+ Rxe8 25. Re1 Qd8 26. Bg5 Qc8 27. Be7 Nf6 28.
Qh6 Bg7 29. Qh4 Ne4 30. Nxe4 dxe4 31. Ne5 Nc2 32. Rc1 Nxd4 33. Nxc6 Ne2+ 34. Kh1
Nxc1 35. Nxa5 Ne2 36. Bf1 Qc1 37. Kg2 Nf4+ 38. Kg1 e3 39. Bg5 e2 0-1

[Event "World Rapid Women 2017"]
[Site "Riyadh KSA"]
[Date "2017.12.26"]
[Round "2.19"]
[White "Fataliyeva, Ulviyya"]
[Black "Guo, Qi"]
[Result "0-1"]
[WhiteTitle "WGM"]
[BlackTitle "IM"]
[WhiteElo "2384"]
[BlackElo "2396"]
[WhiteFideId "13403052"]
[BlackFideId "8604002"]
[EventDate "2017.12.26"]

1. e4 c6 2. c4 d5 3. exd5 cxd5 4. cxd5 Nf6 5. Qa4+ Nbd7 6. Nc3 g6 7. Bc4 Bg7 8.
Nf3 O-O 9. Qb3 Nc5 10. Qa3 b6 11. O-O Bb7 12. d4 Nce4 13. Nxe4 Nxe4 14. Re1 Nd6
15. Bb3 Nf5 16. Bg5 Bxd5 17. Bxe7 Nxe7 18. Rxe7 Bf6 19. Rxa7 Rxa7 20. Qxa7 Bxf3
21. gxf3 Bxd4 22. Re1 Qg5+ 23. Kf1 Qh4 24. Re2 Qxh2 25. Ke1 Qh1+ 26. Kd2 Qxf3
27. Qc7 Bxf2 28. Re7 Bc5 29. Rd7 h5 30. Bc4 h4 31. Qh2 Be3+ 32. Kc2 h3 33. Qd6
Qf5+ 34. Kb3 Bc5 35. Qd3 Qxd3+ 36. Rxd3 h2 37. Rh3 Bd6 38. Bd5 Kg7 39. Rd3 Re8
40. Bc6 Re6 41. Rd1 Bc5 42. Bh1 f5 43. Kc4 Bg1 44. Rd2 g5 45. Kd5 Kf6 46. Rc2 g4
47. Rc8 Re1 48. Rc2 g3 0-1

[Event "World Rapid Women 2017"]
[Site "Riyadh KSA"]
[Date "2017.12.26"]
[Round "2.20"]
[White "Stefanova, Antoaneta"]
[Black "Ordaz Valdes, Lisandra Teresa"]
[Result "1/2-1/2"]
[WhiteTitle "GM"]
[BlackTitle "WGM"]
[WhiteElo "2500"]
[BlackElo "2414"]
[WhiteFideId "2902257"]
[BlackFideId "3506940"]
[EventDate "2017.12.26"]

1. d4 d5 2. Nf3 Nf6 3. e3 c5 4. Nbd2 Qc7 5. Bb5+ Bd7 6. Be2 g6 7. Ne5 Bg7 8. c3
Nc6 9. f4 O-O 10. O-O Rad8 11. Nxd7 Nxd7 12. Nf3 Nf6 13. Bd3 a6 14. Bd2 c4 15.
Bc2 b5 16. Qe2 e6 17. Be1 Ne7 18. h3 Nf5 19. g4 Nd6 20. Nd2 Nfe4 21. Nxe4 dxe4
22. g5 Qc6 23. Qg2 Qd5 24. h4 f5 25. gxf6 Rxf6 26. Bg3 Rdf8 27. Rf2 h5 28. Raf1
Kh7 29. Kh2 Bh6 30. Rg1 a5 31. a3 Qf5 32. Rd2 Qd5 33. Rdd1 a4 34. Rde1 R8f7 35.
Kh1 Rf8 36. Bf2 R8f7 37. Rd1 Rf8 38. Rd2 R8f7 39. Be1 Rg7 40. Re2 Rgf7 41. Qh3
Rg7 42. Reg2 Qf5 43. Qh2 Qd5 44. Bd2 Nf5 45. Qh3 Rff7 46. Bd1 Qd8 47. Rh2 Qd5
48. Rhg2 Qd8 49. Be1 Qd5 50. Bc2 Rf6 51. Bf2 Rg8 52. Re1 Rg7 53. Kg1 Rg8 54. Qh1
Nd6 55. Bg3 Nf5 56. Bf2 Nd6 57. Rg3 Rg7 58. Qg2 Rff7 59. Rf1 Rf6 60. Be1 Qf5 61.
Rf2 Rff7 62. Kf1 Rg8 63. Ke2 Qd5 64. Bd2 Qf5 65. Rf1 Rgg7 66. Ke1 Rg8 67. Rg1
Rgg7 68. Kd1 Rf6 69. Kc1 Rff7 70. Kb1 Rf6 71. Qh1 Qd5 72. Be1 Rf5 73. Bd1 e5 74.
fxe5 Rxe5 75. Rh3 Nf5 76. Bd2 Re6 77. Bc2 Qc6 78. Rd1 Qd5 79. Re1 Re8 80. Rh2
Re6 81. Rg2 Qd8 82. Rh2 Qd5 83. Rg2 Qd8 84. Rh2 1/2-1/2

[Event "World Rapid Women 2017"]
[Site "Riyadh KSA"]
[Date "2017.12.26"]
[Round "2.21"]
[White "Goryachkina, Aleksandra"]
[Black "Rapport, Jovana"]
[Result "1-0"]
[WhiteTitle "WGM"]
[BlackTitle "WGM"]
[WhiteElo "2486"]
[BlackElo "2299"]
[WhiteFideId "4147103"]
[BlackFideId "937266"]
[EventDate "2017.12.26"]

1. e4 e6 2. d4 d5 3. Bd3 dxe4 4. Bxe4 Nf6 5. Bf3 c5 6. Ne2 Be7 7. Nbc3 Nc6 8.
Be3 cxd4 9. Nxd4 Ne5 10. Qe2 Nxf3+ 11. Qxf3 Bb4 12. O-O Bxc3 13. bxc3 Qd5 14.
Qe2 Bd7 15. c4 Qh5 16. Qxh5 Nxh5 17. c5 e5 18. Nb3 Bc6 19. Na5 O-O-O 20. Rfb1
Nf6 21. Rb3 Kc7 22. Rab1 Rb8 23. f3 Nd5 24. Bd2 Ne7 25. f4 Bd5 26. c4 Be4 27.
Re1 f5 28. Rg3 Ng6 29. fxe5 Rhg8 30. Nb3 Nxe5 31. Bf4 Rbe8 32. Nd2 Kc8 33. Nxe4
fxe4 34. Rxe4 Ng6 35. Rxe8+ Rxe8 36. Bd6 Re4 37. Rf3 Rxc4 38. Rf7 b6 39. Rxa7
Rc1+ 40. Kf2 bxc5 41. Rc7+ Kd8 42. Rxc5 Rd1 43. Bc7+ Kd7 44. Rc2 Ne7 45. Bf4 Ke6
46. Re2+ Kf7 47. Rd2 Rb1 48. Be5 g6 49. Bc3 Rc1 50. Bb2 Rc4 51. Ke2 h5 52. Kd3
Ra4 53. a3 Nd5 54. Kc2 Ne3+ 55. Kb3 Rg4 56. Rf2+ Kg8 57. g3 h4 58. gxh4 Rxh4 59.
a4 Nd1 60. Rd2 Ne3 61. Bc3 Kf7 62. a5 g5 63. a6 Rh6 64. a7 Rb6+ 65. Bb4 1-0

[Event "World Rapid Women 2017"]
[Site "Riyadh KSA"]
[Date "2017.12.26"]
[Round "2.22"]
[White "Huang, Qian"]
[Black "Michna, Marta"]
[Result "1/2-1/2"]
[WhiteTitle "WGM"]
[BlackTitle "WGM"]
[WhiteElo "2438"]
[BlackElo "2377"]
[WhiteFideId "8602689"]
[BlackFideId "1106686"]
[EventDate "2017.12.26"]

1. Nf3 Nf6 2. c4 d6 3. d4 Nbd7 4. g3 e5 5. Bg2 Be7 6. O-O O-O 7. Nc3 c6 8. Qc2
Qc7 9. b3 Re8 10. Bb2 Bf8 11. e4 a6 12. Rad1 b5 13. cxb5 cxb5 14. Qb1 Bb7 15.
dxe5 dxe5 16. Nd5 Nxd5 17. exd5 Bd6 18. Ng5 Nf6 19. f4 h6 20. fxe5 Bxe5 21. Rxf6
hxg5 22. Rf2 Rad8 23. Bxe5 Rxe5 24. d6 Rxd6 25. Rxd6 Qxd6 26. Bxb7 Qe7 27. Qd3
Qxb7 28. Qd8+ Kh7 29. Qd3+ g6 30. Qf3 Qxf3 31. Rxf3 Kg7 32. Rf2 Re1+ 33. Kg2 g4
34. h3 gxh3+ 35. Kxh3 f5 36. Rc2 Kf6 37. Rc6+ Re6 38. Rc5 Kg5 39. Rc2 Rd6 40.
Re2 Rd3 41. Rc2 f4 42. Rc5+ Kh6 43. Kg4 fxg3 44. Rc2 a5 45. Kh3 a4 46. b4 Rd4
47. a3 Rd3 48. Rc5 Rxa3 49. Rxb5 Rb3 50. Rb8 a3 51. Ra8 Kg5 52. b5 Kf4 53. b6 g5
54. b7 g4+ 55. Kg2 Rxb7 56. Ra4+ Kg5 57. Rxa3 Rb1 58. Kxg3 Rg1+ 59. Kh2 Rf1 60.
Kg2 Rf5 61. Kg3 Rc5 62. Rb3 Kf5 63. Ra3 Rb5 64. Rc3 Kg5 65. Ra3 Rf5 66. Rb3 1/2-1/2

[Event "World Rapid Women 2017"]
[Site "Riyadh KSA"]
[Date "2017.12.26"]
[Round "2.23"]
[White "Skripchenko, Almira"]
[Black "Cornette, Deimante"]
[Result "0-1"]
[WhiteTitle "IM"]
[BlackTitle "IM"]
[WhiteElo "2403"]
[BlackElo "2439"]
[WhiteFideId "13900145"]
[BlackFideId "12802859"]
[EventDate "2017.12.26"]

1. e4 Nf6 2. e5 Nd5 3. d4 d6 4. Nf3 dxe5 5. Nxe5 c6 6. Bd3 g6 7. O-O Bg7 8. Re1
O-O 9. c3 Nd7 10. Qf3 Nxe5 11. dxe5 Be6 12. Nd2 Qc7 13. Qg3 Rad8 14. Bc2 Qc8 15.
Nf3 c5 16. Qh4 Bf5 17. Bb3 Qc7 18. Bh6 f6 19. exf6 exf6 20. Rad1 Bxh6 21. Bxd5+
Kg7 22. Be4 Rxd1 23. Rxd1 g5 24. Qxh6+ Kxh6 25. Bxf5 Rd8 26. Re1 Qf4 27. Bb1 g4
28. Nh4 Rd2 29. f3 gxf3 30. Nxf3 Rxb2 31. Be4 Qg4 32. g3 Qh3 33. a4 Qg2# 0-1

[Event "World Rapid Women 2017"]
[Site "Riyadh KSA"]
[Date "2017.12.26"]
[Round "2.24"]
[White "Mkrtchian, Lilit"]
[Black "Ovod, Evgenija"]
[Result "1-0"]
[WhiteTitle "IM"]
[BlackTitle "IM"]
[WhiteElo "2376"]
[BlackElo "2364"]
[WhiteFideId "13300601"]
[BlackFideId "4131827"]
[EventDate "2017.12.26"]

1. c4 f5 2. g3 Nf6 3. Bg2 g6 4. Nc3 Bg7 5. d3 O-O 6. e4 d6 7. Nge2 c6 8. O-O a6
9. a4 a5 10. h3 Na6 11. Be3 Nc5 12. e5 Nfd7 13. d4 Na6 14. e6 Nb6 15. Qb3 Nb4
16. d5 cxd5 17. cxd5 Rb8 18. Rac1 Na8 19. Ba7 Na6 20. Nb5 b6 21. Bxb8 Nxb8 22.
Ned4 Na6 23. Nc6 Qe8 24. Qc2 Nc5 25. b3 Ba6 26. Rfd1 Bxb5 27. axb5 Nc7 28. Bf1
f4 29. g4 Rf6 30. f3 g5 31. Bc4 h5 32. Kg2 Qf8 33. b4 axb4 34. Nxb4 Rh6 35. Na6
Qc8 36. Nxc5 dxc5 37. d6 exd6 38. Rxd6 Ne8 39. e7+ Kh8 40. Rd8 1-0